MDQL
is popping MORE tags! Check the
thread
!
Quizzes
Events
Quiz Creation
Community
Videos
Private Events
Remove Ads
Sign In
Join for FREE
Feedback
Dark Mode
Quiz Categories
Sports
Geography
Music
Movies
Television
Just For Fun
Miscellaneous
History
Literature
Language
Science
Gaming
Entertainment
Religion
Holiday
For Kids
Quiz Lab
Recent
Popular Today
Quiz Kudos Today
Editor Picks
Curator Picks
Quizzes by...
Day
Popularity
Type
Ratings
Length
Year
Community
Subscriptions
Recent Discussions
Orange Saloon
Badges
Playlists
Quests
Create
Leaderboards
Showdown
Live 5
Trivia Bingo
Activity
Puzzle Library
Sporcle Events
Private Events
Virtual Trivia
Globe League
Become a Host
Pub Owners
SporcleCon
Opinionation
Our Games
Videos
Blog
Mobile Apps
Partnerships
Remove Ads and Go Orange
Feedback
Sports
Athletes
MLB
NBA
NHL
NFL
Soccer
Sports Teams
WWE
NCAA
Football
Premier League
Basketball
Baseball
Hockey
Golf
Tennis
Cricket
Rugby
Auto Racing
Olympics
World Cup
Sports
Athletes
MLB
NBA
NHL
NFL
Soccer
Sports Teams
WWE
NCAA
Football
Premier League
Basketball
Baseball
Hockey
Golf
Tennis
Cricket
Rugby
Auto Racing
Olympics
World Cup
Random Quiz
Search Sporcle
×
Quiz Lab
Quiz Lab
Sports
NFL
Type in answers that appear in a list
Type in answers that appear in a list
Classic
Best Score? Go Orange.
Top 5 2012 NFL Sack Leaders By Team Stats
Can you name the Top 5 2012 NFL Sack Leaders By Team?
By
swartzsportstwin
15m
141 Questions
173 Plays
173 Plays
173 Plays
Comments
Comments
Give Quiz Kudos
Give Quiz Kudos
-
- Ratings
hide this ad
Replay
Link that replays current quiz
Next Quiz
Link to next quiz in quiz playlist
You Got
0%
They Got
Avg Score
39%
Avg Friend Score
Upgrade to see
Score Distribution
Jump to the score distribution portion of the page
Score
0/141
Timer
15:00
0
Plays Today
Team
Player
% Correct
Houston Texans
J.J. Watt
87.9%
Denver Broncos
Von Miller
87.9%
Buffalo Bills
Mario Williams
86.7%
Pittsburgh Steelers
Lawrence Timmons & James Harrison
82.7%
Baltimore Ravens
Arthur Jones
82.1%
Houston Texans
Antonio Smith
80.3%
Indianapolis Colts
Dwight Freeney
80.3%
New Orleans Saints
Will Smith
79.8%
San Francisco 49ers
Aldon Smith
79.8%
Indianapolis Colts
Robert Mathis
78.6%
Miami Dolphins
Cameron Wake
76.3%
Dallas Cowboys
DeMarcus Ware
76.3%
Carolina Panthers
Charles Johnson
76.3%
Baltimore Ravens
Bernard Pollard & Terrell Suggs
75.1%
Green Bay Packers
Clay Matthews
74%
Minnesota Vikings
Jared Allen
73.4%
Chicago Bears
Julius Peppers
71.1%
New York Giants
Jason Pierre-Paul
70.5%
New York Jets
David Harris & Calvin Pace
67.6%
Philadelphia Eagles
Fletcher Cox & Brandon Graham & Jason Babin
65.9%
Baltimore Ravens
Paul Kruger
63%
Baltimore Ravens
Haloti Ngata
63%
New York Giants
Justin Tuck
63%
Detroit Lions
Cliff Avril
63%
Atlanta Falcons
John Abraham
61.8%
New Orleans Saints
Cameron Jordan
60.7%
Kansas City Chiefs
Justin Houston
59.5%
St. Louis Rams
Robert Quinn
59.5%
Tennessee Titans
Zach Brown
59%
Detroit Lions
Lawrence Jackson
56.1%
Washington Redskins
Ryan Kerrigan
53.2%
New England Patriots
Chandler Jones
52.6%
Jacksonville Jaguars
C.J. Mosley
52.6%
Pittsburgh Steelers
Larry Foote & Lamarr Woodley
50%
Detroit Lions
Nick Fairley
49.7%
San Diego Chargers
Shaun Phillips
49.1%
St. Louis Rams
Chris Long
49.1%
Buffalo Bills
Kyle Williams
48%
New England Patriots
Jerod Mayo & Vince Wilfork & Trevor Scott & Justin Francis
47.4%
Arizona Cardinals
Calais Campbell
46.8%
Seattle Seahawks
Bobby Wagner & Greg Scruggs & Jeron Johnson
46.8%
Cincinnati Bengals
Wallace Gilberry
44.5%
Cleveland Browns
John Hughes
44.5%
Oakland Raiders
Lamarr Houston
43.9%
San Francisco 49ers
Justin Smith
43.4%
Cincinnati Bengals
Geno Atkins
42.8%
San Francisco 49ers
Ahmad Brooks
42.8%
Team
Player
% Correct
Minnesota Vikings
Brian Robison
42.2%
New York Jets
Muhammad Wilkerson
41.6%
New York Jets
Garrett McIntyre
41.6%
Washington Redskins
Barry Cofield & Lorenzo Alexander
41.6%
Detroit Lions
Ndamukong Suh
41.6%
Tampa Bay Buccaneers
Michael Bennett
41.6%
Washington Redskins
Rob Jackson
41%
Atlanta Falcons
Sean Weatherspoon & Vance Walker
39.9%
Tennessee Titans
Derrick Morgan
38.7%
New York Giants
Osi Umenyiora
38.7%
Houston Texans
Whitney Mercilus
38.2%
Carolina Panthers
Greg Hardy
38.2%
Carolina Panthers
Dwan Edwards
38.2%
Buffalo Bills
Nick Barnett & Kelvin Sheppard & Alex Carrington & Spencer Johnson & Chris Kelsay
37.6%
Chicago Bears
Stephen Paea & Shea McClellin
37.6%
Cincinnati Bengals
Michael Johnson
37%
New York Jets
Quinton Coples
36.4%
Buffalo Bills
Kyle Moore
35.8%
Pittsburgh Steelers
Brett Keisel
35.8%
Denver Broncos
Elvis Dumervil
35.8%
Kansas City Chiefs
Derrick Johnson & Ropati Pitoiuta
35.8%
Oakland Raiders
Phillip Wheeler & Desmond Bryant & Richard Seymour
35.8%
New York Giants
Linval Joseph & Justin Tuck
35.8%
Seattle Seahawks
Brandon Mebane & Jason Jones
35.8%
New England Patriots
Rob Ninkovich
34.7%
Houston Texans
Connor Barwin
34.7%
Chicago Bears
Corey Wootton
34.7%
Green Bay Packers
Mike Neal
34.7%
Cincinnati Bengals
Carlos Dunlap
34.1%
Pittsburgh Steelers
Jason Worilds
32.9%
Miami Dolphins
Randy Starks
32.4%
Denver Broncos
Chris Harris
32.4%
Jacksonville Jaguars
Jeremy Mincey
31.8%
Tennessee Titans
Karl Klug
31.2%
New York Giants
Mathias Kiwanuka & Chase Blackburn & Chris Canty
30.6%
Cleveland Browns
D'Qwell Jackson
30.1%
Tampa Bay Buccaneers
Lavonte David & Mason Foster
29.5%
Seattle Seahawks
Chris Clemons
29.5%
Buffalo Bills
Marcell Dareus
28.9%
Arizona Cardinals
Sam Acho & Quenton Groves & O'Brien Schofield
28.9%
Kansas City Chiefs
Tamba Hali
28.3%
Philadelphia Eagles
Trent Cole
28.3%
New England Patriots
Dont'a Hightower
27.7%
Tampa Bay Buccaneers
Gerald McCoy
27.7%
Philadelphia Eagles
Cullen Jenkins
27.2%
Washington Redskins
Perry Riley
26.6%
Carolina Panthers
Luke Kuechly & Ron Edwards & Fran Kearse & Mario Addison & Antwan Applewhite & Greg Gatson
26.6%
Team
Player
% Correct
Miami Dolphins
Koa Misi & Oliver Vernon
26%
Dallas Cowboys
Jason Hatcher
26%
Kansas City Chiefs
Tyson Jackson
25.4%
Dallas Cowboys
Anthony Spencer
25.4%
Minnesota Vikings
Everson Griffen
24.3%
Arizona Cardinals
Daryl Washington
24.3%
Chicago Bears
Israel Idonije
23.7%
New Orleans Saints
Martez Wilson
23.1%
Seattle Seahawks
Bruce Irvin
23.1%
Tampa Bay Buccaneers
Da'Quan Bowers
22.5%
Houston Texans
Brooks Reed
22%
Denver Broncos
Wesley Woodyard
22%
San Francisco 49ers
Navorro Bowman & Ricky Jean-Francois
22%
Indianapolis Colts
Jerrell Freeman & Antoine Bethea & Cory Redding
20.8%
Jacksonville Jaguars
Paul Posluszny & Austen Lane & Terrance Knighton
20.8%
Indianapolis Colts
Jerry Hughes
20.2%
Green Bay Packers
Dezman Moses
20.2%
Green Bay Packers
A.J. Hawk & Erik Walden
20.2%
St. Louis Rams
Michael Brockers
19.1%
Atlanta Falcons
Kroy Biermann
18.5%
New Orleans Saints
Junior Galette
18.5%
Minnesota Vikings
Chad Greenway & Erin Henderson
17.3%
Cleveland Browns
Frostee Rucker
16.8%
Jacksonville Jaguars
Tyson Alualu
16.8%
Tennessee Titans
Akeem Ayers & Kamerion Wimbley
16.8%
Chicago Bears
Henry Melton
16.2%
St. Louis Rams
William Hayes
16.2%
Washington Redskins
London Fletcher
15.6%
Atlanta Falcons
Jonathan Babineaux
15.6%
Denver Broncos
Derek Wolfe
14.5%
San Diego Chargers
Cory Liuget
14.5%
Miami Dolphins
Jared Odrick
13.9%
Baltimore Ravens
Dannell Ellerbe
13.3%
Carolina Panthers
Frank Alexander
12.7%
Cleveland Browns
Jabaal Sheard
12.1%
Detroit Lions
Kyle VandenBosch
11%
Tampa Bay Buccaneers
Daniel Te'o-Nesheim
10.4%
Cleveland Browns
Juqua Parker
9.8%
San Diego Chargers
Antwan Barnes & Donald Butler
9.8%
San Francisco 49ers
Ray McDonald
9.8%
San Diego Chargers
Kendall Reyes
9.2%
Dallas Cowboys
Victor Butler
9.2%
Dallas Cowboys
Josh Brent
8.1%
Oakland Raiders
Matt Shaughnessy
7.5%
St. Louis Rams
Jo-Lonn Dunbar
7.5%
Cincinnati Bengals
Robert Geathers
6.9%
New Orleans Saints
Brodrick Bunkley
6.9%
Quiz Playlist
Details
Report
Send in Message
Add To Playlist
Classic:
Type in answers that appear in a list
Last Updated: Feb 16, 2017
Quiz Scoreboard
CHALLENGE
Sign Up to Join the Scoreboard
Show All
Scores
Hide
Comments
May contain spoilers
Recently Published
Street Fighter Characters
by Artimus82
Gaming
60s
9x9 Crossword: Cartoon Network
by jackfrog10
Miscellaneous
3m
College Basketball Coaching Resumes
by pancakes188
Sports
9m
More to Explore
Quiz From the Vault
Featured Blog Post
Where Did the Easter Bunny Come From?
hide this ad
You Might Also Like...
Tags
NFL Quiz
2010
Player
sack
team
Top 5
Today's Top Quizzes in Sports
Browse Sports
hide this ad
Today's Top Quizzes in NFL
Browse NFL
Top Contributed Quizzes in Sports
1
2022 World Cup Stars
2
Les meilleurs buteurs des matchs entre le PSG et l’OM
3
FIFA Club World Cup Champions
4
Les entraîneurs de l'OM et du PSG au 21e siècle
5
Criteria MLB: Left Handed Sluggers
6
2023 MLB Unique Player Accomplishments
7
AFC Teams Reveal (Wrong Answers Minefield)
8
5-to-1: FBS Animal Nicknames
9
Players with Multiple 50 Home Run Seasons
10
5-to-1: UK Sports Teams
Explore More
Trending Topics
Crossword
Marvel
Anime
Harry Potter
NBA
Disney
Kpop
Pokémon
Puzzle
The Office
Soccer
WWE
Song
NFL
Country
hide this ad
More By:
swartzsportstwin
Quiz
Plays
Rating
Category
Featured
Created
2023 NFL Wide Receivers
19,197
2.87
Sports
Oct 23, 2010
2023 NFL Quarterbacks
13,221
3.10
Sports
Oct 23, 2010
2023 NFL Running Backs/Fullbacks
10,673
2.61
Sports
Oct 22, 2010
5 Consecutive Seasons of 7.0 WAR
10,229
4.69
Sports
Aug 9, 2015
2023 NFL Tight Ends
4,419
2.64
Sports
Oct 24, 2010
Go to Creator's Profile
Score Distribution
Quiz Creator Spotlight
swartzsportstwin
Follow
Send a Message
Quizzes Created
-
Created Quiz Play Count
-
More By This Creator
Popular Quizzes Today
1
Find the US States - No Outlines Minefield
2
Find the Countries of Europe - No Outlines Minefield
3
The Countries of the World
4
Find the US States
5
Risky Map Clicking: Biggest States A-Z
6
US States
7
Popular People in 1961
8
Movies - When Are They Set?
More Sports Quizzes
Big 4 Host Cities
Curator's Pick
Trending Quizzes
Risky Map Clicking: Least Populous States A-Z
Countries of the World: 200 Million BC
1-10 Letter G Words
Risky Map Clicking: Next State Alphabetically
Adjectives in 80s TV Shows
Recently Updated
Leaping Animals
pecheneg
Reality TV Shows (A-Z)
bhenderson79
Rickey Henderson's Hall of Fame Teammates
pecheneg
Champions League XIs: Arsenal
pecheneg
Quick Pick: Celebrities in WWE's Hall of Fame
aduchscher
A-Z Keypad Blitz II
pecheneg
Multiple Oscar Actors
pecheneg
Mystery Phrase Blitz: Oscar 'Best Actors'
pecheneg
F. Scott Fitzgerald Novels
LTH
Pick 3 Villains
ddd62291
Trending Topics
Marvel
Disney
Crossword
Anime
Kpop
NBA
Harry Potter
NFL
Pokémon
Puzzle
Song
The Office
WWE
Soccer
Country
Your Account Isn't Verified!
In order to create a playlist on Sporcle, you need to verify the email address you used during registration. Go to your
Sporcle Settings
to finish the process.
Report this User
Report this user for behavior that violates our
Community Guidelines
.
Details:
Send Report
Go to the Sporcle.com Mobile Site →
Comments